000 00292nam a2200109Ia 4500
008 200302s9999 xx 000 0 und d
100 _aJean-Louis Cohen
245 _aLe Corbusier : The Lyricism Of Architecture in the Machine Age
260 _bTaschen GmbH
260 _c2015
300 _a96 P.,
999 _c4292
_d4292